00632nam a22002297a 450000500170000001000110001702000100002803500110003803700160004904000120006508200180007710000200009524501260011524600060024125000130024726000460026027000150030630000260032150000200034765000190036765000160038620170124110252.0 a427402 c45.00 a427402 bCen Lib/Ret aDPLbEN a349.5412bRAT aRattigan, W.H.  aA digest of civil law for the Punjab :bchiefly based on the customary law as at present ascertained /cby W.H. Rattigan  b  a14th ed  aAllahabad bUniversity Book Agency c1966 bAllahabad  axxiv, 968p.c22cm(Hb) aIncludes index  aCustomary law  aCivil laws